Producing music
Bewaard in:
| Formaat: | Boek |
|---|---|
| Taal: | Engels |
| Gepubliceerd in: |
Routledge
2019
|
| Tags: |
Voeg label toe
Geen labels, Wees de eerste die dit record labelt!
|
MARC
| LEADER | 00000nam a22000007a 4500 | ||
|---|---|---|---|
| 008 | 230118b |||||||| |||| 00| 0 eng d | ||
| 020 | |a 9780415789226 | ||
| 245 | |a Producing music |c edited by Russ Hepworth-Sawyer, Jay Hodgson, and Mark Marrington. |e Perspectives on music production series |g xv,339p;ill | ||
| 250 | |c Hepworth-Sawyer, Russ | ||
| 250 | |c Hodgson, Jay | ||
| 250 | |c Marrington, Mark | ||
| 260 | |b Routledge |c 2019 |h New York |i 699764 |i 699765 |l ML3790.94 |m Sound recordings- Production and direction |m Popular music- Production and direction | ||
| 500 | |a Includes index | ||
| 942 | |a lcc |c BK |e Johnson |f 18/01/23 | ||
| 952 | |0 0 |1 0 |2 lcc |4 0 |6 ML3790 P94 |7 0 |9 4169 |a ART |b HOL |c LP |d 2023-01-18 |l 0 |o ML3790.P94 |p 2023-0099 |r 2023-01-18 00:00:00 |t 699764 |w 2023-01-18 |y BK | ||
| 952 | |0 0 |1 0 |2 lcc |4 0 |6 ML3790 P94 |7 0 |9 4170 |a HOL |b HOL |c LP |d 2023-01-18 |l 0 |o ML3790.P94 |p 2023-0100 |r 2023-01-18 00:00:00 |t 699765 |w 2023-01-18 |y BK | ||
| 999 | |c 2089 |d 2089 | ||